Aplikácia hodnotovo orientovanej cenotvorby

Hodnotovo orientovaná cenotvorba. Postupnosť krokov analýzy hodnotovo orientovanej pozície firmy pri identifikácii kľúčových nositeľov hodnoty. Hodnotovo orientovaná analýza vybranej firmy pôsobiacej v textilnom priemysle.

Gespeichert in:
Bibliographische Detailangaben
1. Verfasser: Kintler, Jakub, 1979-
Format: Buchkapitel
Sprache:Slowakisch
Schlagworte:
Tags: Tag hinzufügen
Keine Tags, Fügen Sie das erste Tag hinzu!

MARC

LEADER 00000naa$a2200000$$$4500
001 0157506
005 20240502083350.4
041 0 |a slo 
044 |a CZ 
245 1 0 |a Aplikácia hodnotovo orientovanej cenotvorby  |c Jakub Kintler 
520 |a Hodnotovo orientovaná cenotvorba. Postupnosť krokov analýzy hodnotovo orientovanej pozície firmy pri identifikácii kľúčových nositeľov hodnoty. Hodnotovo orientovaná analýza vybranej firmy pôsobiacej v textilnom priemysle. 
610 2 0 |a ceny 
610 2 0 |a tvorba cien 
610 2 0 |a hodnota 
610 2 0 |a podnik 
610 2 0 |a produkty 
610 2 0 |a spotrebitelia 
610 2 0 |a konkurencia 
610 2 0 |a správanie spotrebiteľa 
610 2 0 |a priemysel textilný 
100 1 |a Kintler, Jakub, 1979-